00708nam a2200229 a 450000500170000000800410001701000140005802000260007203500130009803700160011104000180012708200100014510000260015524501140018126000410029530000270033650000230036352000520038665000090043865000190044765000120046620070119085348.0060831s2006 ii b 000 0 eng  aENG-91365 c200.00a9788178234908 aEN-74898 bDBAD / PUB adplbEnglish  a230.3 aAdiswarananda, Swami  aThe spiritual quest and the way of yoga:cby Swami Adiswarananda bthe goal, the journey and the milestones / aChennaibSri Ramakrishna Math c2005 aiv, 267p.c20cm (pbk)  aIncludes glossary  aHistory of Kashmiri Pandits and Kashmir, India. aYoga aSpiritual life aVedanta